| 000 | 00487nam a2200193Ia 4500 | ||
|---|---|---|---|
| 003 | LK-CoDNM | ||
| 005 | 20241126135116.0 | ||
| 008 | 010623t1969 xxu||||| |||| 00| 1 sin d | ||
| 040 |
_aLK-CoDNM _dLK-CoDNM _eLK-CoDNM |
||
| 041 | _asin | ||
| 080 |
_a294.3 _bNNY |
||
| 100 | _aNanayakkara,Sanath. | ||
| 245 | _aජපන් බුදුදහම | ||
| 246 | _aJapan Budu Dahama | ||
| 260 |
_bGunasena _aColombo _c1969 |
||
| 300 | _b140p. ; 18 cm | ||
| 650 | _aBUDDHISM | ||
| 942 | _cBK | ||
| 999 |
_c107910 _d107910 |
||